000 00604nam a2200217Ia 4500
003 OSt
005 20250526134348.0
008 250506s9999 xx 000 0 und d
020 _a9789692100830
040 _cAACR2
082 _a362.1068 QID
100 _aQidwai, Minhaj A. , Dr.
245 2 _aA to Z Healthcare Quality:
_bquality is a mindset.
250 _a1st
260 _aKarachi:
_bParamount Books (Pvt.) Ltd,
_c2021
300 _avii, 163p. : includes illustrations.
500 _aGifted by Dr. Minjaj A. Qidwai
600 _aMedical care
650 _aMedical care
942 _cGB
_2ddc
999 _c27326
_d27326